Babonucos / (Registro nro. 7124)
[ vista simple ]
| 000 -LIDER | |
|---|---|
| fixed length control field | 00889nam a2200265 a 4500 |
| 001 - NÚMERO DE CONTROL | |
| Identificador de número de control | 000013944 |
| 003 - IDENTIFICACDOR DE NÚMERO DE CONTROL | |
| control field | 000013944 |
| 005 - DATE AND TIME OF LATEST TRANSACTION | |
| control field | 20180316103808.0 |
| 008 - ELEMENTOS DE LONGITUD FIJA | |
| fixed length control field | 091202s1995 dr a 000 p spa d |
| 040 ## - FUENTE DE CATALOGACIÓN | |
| Agencia que crea de manera original el registro | BPMET |
| Idioma de catalogación | spa |
| Agencia que realiza la transcripción | BPMET |
| 049 ## - LOCAL HOLDINGS (OCLC) | |
| Holding library | BNPD |
| 092 ## - LOCALLY ASSIGNED DEWEY DECIMAL CALL NUMBER | |
| Número de clasificación | RD861.44 |
| Número de ítem (Cutter) | U75b |
| 100 1# - ASIENTO PRINCIPAL -- NOMBRE PERSONAL | |
| Nombre personal | Ureña, Dulce |
| 245 10 - MENCIÓN DE TITULO | |
| Título | Babonucos / |
| Mención de responsabilidad | Dulce Ureña ;ilustración interior y portada Luz Severino. |
| 260 ## - PUBLICACIÓN, DISTRIBUCIÓN, ETC. (PIE DE IMPRENTA) | |
| Lugar de publicación, distribución, etc | Santo Domingo : |
| Nombre del editor, distribuidor, etc. | Mujer y Escritura, |
| Fecha de publicación, distribución, etc | 1995. |
| 300 ## - DESCRIPCIÓN FÍSICA | |
| Extensión | 98 p. : |
| Otros detalles físicos | il. |
| Dimensiones | 23 cm. |
| 500 ## - NOTA GENERAL | |
| Nota general | Incluye datos biográficos del autor en la solapa de la contracubierta. |
| 504 ## - NOTA DE BIBLIOGRAFÍA, ETC. | |
| Bibliography, etc | Incluye referencias bibliográficas y notas al pie de las páginas. |
| 650 #4 - ENCABEZAMIENTO DE MATERIA--TEMÁTICO | |
| Término temático o nombre geográfico como elemento de entrada | POESÍA DOMINICANA |
| 650 #4 - ENCABEZAMIENTO DE MATERIA--TEMÁTICO | |
| Término temático o nombre geográfico como elemento de entrada | LITERATURA DOMINICANA |
| 700 1# - ASIENTO SECUNDARIO -- NOMBRE PERSONAL | |
| Nombre personal | Severino, Luz, |
| Mención de responsabilidad | il. |
| 942 ## - ADDED ENTRY ELEMENTS (KOHA) | |
| Source of classification or shelving scheme | Dewey Decimal Classification |
| Koha item type | Libros |
| 945 ## - INFORMACIÓN DE PROCESAMIENTO LOCAL | |
| Información de procesamiento local | Inventariado para la BNPHU, 2018 / BT |
| 956 ## - LOCAL ELECTRONIC LOCATION AND ACCESS (OCLC) | |
| Nombre de host | VMATEO |
| Número de acceso | 10 |
| Información de compresión | 20150729 |
| Inicio de sesión | BPMSU |
| Procesador de solicitud | 0069 |
| Withdrawn status | Lost status | Source of classification or shelving scheme | Damaged status | Not for loan | Collection code | Home library | Current library | Date acquired | Total Checkouts | Barcode | Date last seen | Copy number | Price effective from | Koha item type |
|---|---|---|---|---|---|---|---|---|---|---|---|---|---|---|
| Dewey Decimal Classification | Colección Juvenil Dominicana | Biblioteca Pública Metropolitana Salomé Ureña | Biblioteca Pública Metropolitana Salomé Ureña | 07/09/2014 | BPMSU15040514 | 07/09/2014 | 07/09/2014 | Libros | ||||||
| Dewey Decimal Classification | Biblioteca Pública Metropolitana Salomé Ureña | Biblioteca Pública Metropolitana Salomé Ureña | 07/09/2014 | BPMSU15040515 | 07/09/2014 | e. 2 | 07/09/2014 | Libros |